| 000 | 02213nam a2200301 4500 | ||
|---|---|---|---|
| 001 | 219 | ||
| 003 | OSt | ||
| 005 | 20250528074015.0 | ||
| 008 | 250203b |||||||e |||| 00| 1 eng d | ||
| 040 | _bpor | ||
| 041 |
_hfre _apor |
||
| 082 |
_a843 _bD952a |
||
| 100 | 1 |
_aDuras, Marguerite, _d1914-1996 _9406 |
|
| 240 | _aL´amant | ||
| 245 |
_aO amante / _cDuras, Marguerite ; Tradução de Aulyde Soares Rodrigues |
||
| 260 |
_aSão Paulo _bCírculo do Livro _c1988 |
||
| 300 | _a114 p. | ||
| 520 | _aConsiderado o livro mais autobiográfico da escritora, dramaturga e cineasta Marguerite Duras (1914-1996), O amante, escrito em 1984, recebeu o Prêmio Goncourt, o mais importante da literatura francesa e se consagrou como sua obra mais célebre. O romance narra um episódio da adolescência de Duras: sua iniciação sexual, aos quinze anos e meio, com um chinês rico de Saigon. Se as personagens e fatos são verídicos, a escrita os transfigura e transcende; não sabemos em que medida a história é verdadeira. Os encontros amorosos são, ao mesmo tempo, intensamente prazerosos e infinitamente tristes; a vida da família contrapõe amor e ódio, miséria material e riqueza afetiva. A presença da mãe, sua desgraça financeira e moral, do irmão mais velho, drogado, cruel e venal, e do irmão mais novo, frágil e oprimido, constituem uma existência predominantemente triste, e por vezes trágica, de onde Duras extrai um esplendor artístico que se reflete em sua própria pessoa - personagem enigmática, quase de ficção. Tem sido dito que ler este livro é como folhear um álbum de fotografias - a narrativa se desenrola em torno de uma série de imagens fascinantes. Esse trabalho primoroso com as imagens também pode ser verificado nos mais de vinte filmes dirigidos por Duras e na possibilidade de seus textos se transformarem em filmes, como o fez Jean-Jacques Annaud com O amante em 1991. | ||
| 650 | 0 |
_aLiteratura francesa _9122 |
|
| 650 | 0 |
_aAmor e Paixão _925 |
|
| 650 | 0 |
_aHistórico _953 |
|
| 650 | 0 |
_aClássicos _977 |
|
| 650 | 0 |
_aFilme _926 |
|
| 655 | 0 |
_aRomance _923 |
|
| 655 | 0 |
_aFicção _922 |
|
| 700 |
_aAulyde Soares Rodrigues _eTradutor _9302 |
||
| 942 |
_2ddc _n0 _cBK |
||
| 999 |
_c219 _d219 |
||